000 00396nam a2200145 a 4500
005 20140412111301.0
008 001116s19uu xx 00 eng d
020 _a0-394-83314-7
050 _aER
_bMo71 1973
245 _aMother goose /
_cillustrated by Aurelius Battaglia.
260 _aNew York :
_bRandom House,
_c1973.
300 _a1 v. (unp.)
650 _aNursery rhymes
999 _c103401
_d103401